000 00813cam a2200265 a 4500
003 UPN
005 20231020063959.0
008 191127s2019 mx ao r 000 0 spa d
020 _a9786075511283 (obra completa)
020 _a9786075511658 (volumen I)
020 _a9786075511641 (volumen II)
035 _aUPN01000234390
040 _aMX-MxUPN
_bspa
_cMX-MxUPN
050 4 _aLB1649
_bM63 2019
245 0 0 _aCiencias III :
_bénfasis en química : tercer grado
250 _aSegunda edición
260 _aMéxico :
_bSEP,
_c2019.
300 _a2 volúmenes :
_bilustraciones a color, fotografías
490 0 _aTelesecundaria
650 4 _97244
_aQuímica
_xEstudio y enseñanza (Secundaria)
650 4 _aTelesecundaria
_96411
905 _aLibro
942 _2lcc
_cLIBRO
999 _c206485
_d206485